000 00452nam a2200181Ia 4500
008 230125s9999 xx 000 0 und d
020 _a938072582-5
041 _aeng
082 _a658.15
_bVEC
100 _aVechalekar N M
_9107176
245 _aFinancial Management
260 _c2012
_bNirali Prakashan
_aPune
500 _aFM
650 _aFinancial Management
700 _aVechalekar N M
_9107176
906 _b48
999 _c86290
_d86290